Statistiken für A20 zwischen Stralsund und Kreuz Lübeck

Klicken Sie hier um das Quiz zu spielen!

Allgemein

  • Dieses Quiz wurde 11 mal gespielt
  • Das Durchschnittsergebnis liegt bei 8 aus 25

Antwortstatistiken

Antwort% Korrekt
Grevesmühlen
70%
Kreuz Rostock
70%
Stralsund
70%
Kreuz Wismar
60%
Lübeck-Genin
60%
Rostock-West
60%
Kreuz Lübeck
50%
Bobitz
40%
Schönberg
40%
Bad Doberan
30%
Grimmen-Ost
30%
Grimmen-West
30%
Tribsees
30%
Wismar-Mitte
30%
Groß Sarau
20%
Neu Kloster
20%
Rostock-Südstadt
20%
Kröpelin
10%
Lübeck-Süd
10%
Lüdersdorf
10%
Tessin
10%
Bad Sülze
0%
Dummerstorf
0%
Sanitz
0%
Zurow
0%

Verteilung der Resultate

Perzentil nach korrekt beantworteten Fragen

Anzahl Personen mit jedem Resultat

Ihre Resultats-Entwicklung

Sie haben dieses Quiz noch nicht gespielt